000 01109nam a22002657a 4500
999 _c1955
_d1955
003 AR-CdUCM
008 190228b ||||| |||| 00| 0 spa d
040 _aMUNICIPALIDAD PROVINCIAL DEL CUSCO
_cBIBLIOTECA MUNICIPAL DEL CUSCO
041 _heng
082 _a973 /
_bC97
100 _aCurtis, Edward S. (fotógrafo)
_97148
245 _aLegado sagrado :
_bEdward S. Curtis y los indios de Norteamerica /
260 _aItalia :
_bVerve ediciones,
_c2005.
300 _a192 páginas ;
_bFotografias,
_c34 cm.
500 _aFotografias de Edward S. Curtis.
505 _aContenido : Un legado personal -- Lasgrandes planicies -- Vida espiritual -- California -- Ceremonia -- El suroeste -- Las artes -- La meseta y las tierras boscosas -- Vida cotidiana -- La costa noroeste y Alaska.
650 _aHistoria Norteamericana
_97149
650 _aIndios de Norteamerica
_97150
650 _aFotografias-historia
_97151
700 _aCardozo, Christopher (editor)
_97152
700 _aSerrano, Pedro (traductor)
_97153
700 _aHorse Capture, Joseph D.
_97154
942 _2ddc
_cLIBROS
945 _azta